000 00624nam a2200217 i 4500
001 bgj
100 1 _aACEVEDO, Ana
245 1 0 _aHigh flyer :
_bintermediate : students' book /
_cAna Acevedo ; Marisol Gower.
260 _aHarlow, Essex :
_bLongman,
_c1996.
300 _a112 pp :
_bill., photos ;
_c30 cm.
650 9 _aEnglish language
655 _aTextbooks for foreigners
655 _aTextbooks for secondary schools
700 1 _aGOWER, Marisol.
_eco-author
020 _a0582079993
040 _cBPK
041 0 _aeng
920 _a0-582-07999-3
942 _cKS
008 s uk f |000 0 eng
999 _c48512
_d48512